Účtovná závierka v podvojnom účtovníctve za rok 2021

Veľkostná skupina účtovnej jednotky a špecifiká účtovania. Činnosti pred uzavretím účtovných kníh. Účtovanie závierkových a upravujúcich závierkových účtovných prípadov. Splatná a odložená daň z príjmov. Uzatvorenie účtovných kníh a zostavenie účtovnej závierky.

Na minha lista:
Detalhes bibliográficos
Autor principal: Gášpárová, Eva
Formato: Capítulo de Livro
Idioma:eslovaco
Assuntos:
Tags: Adicionar Tag
Sem tags, seja o primeiro a adicionar uma tag!

MARC

LEADER 00000naa a2200000 4500
001 0280926
005 20240417075150.7
041 0 |a slo 
044 |a SK 
245 1 0 |a Účtovná závierka v podvojnom účtovníctve za rok 2021  |c Eva Gášpárová 
520 |a Veľkostná skupina účtovnej jednotky a špecifiká účtovania. Činnosti pred uzavretím účtovných kníh. Účtovanie závierkových a upravujúcich závierkových účtovných prípadov. Splatná a odložená daň z príjmov. Uzatvorenie účtovných kníh a zostavenie účtovnej závierky. 
610 2 0 |a účtovníctvo podvojné 
610 2 0 |a závierka účtovná 
610 2 0 |a jednotka účtovná 
610 2 0 |a knihy účtovné 
610 2 0 |a prípady účtovné 
610 2 0 |a dane z príjmov 
610 2 0 |a zákony 
100 1 |a Gášpárová, Eva